[Event "Bratto op 31st"]
[Site "Bratto"]
[Date "2011.08.27"]
[Round "8"]
[White "Podini, Francesco"]
[Black "Gasperoni, Stefano"]
[Result "1-0"]
[WhiteElo "2033"]
[BlackElo "2001"]
[PlyCount "63"]
[EventDate "2011.08.20"]
[EventType "swiss"]
[EventRounds "9"]
[EventCountry "ITA"]
[SourceTitle "EXT 2022"]
[Source "ChessBase"]
[SourceDate "2021.10.06"]
[SourceVersion "1"]
[SourceVersionDate "2021.10.06"]
[SourceQuality "1"]

1. e4 e5 2. Bc4 Nf6 3. d3 Nc6 4. Nc3 Be7 5. f4 d6 6. f5 Na5 7. Qf3 c6 8. Nge2 b5 9. Bb3 b4 10. Nd1 Nxb3 11. axb3 d5 12. Ne3 Bc5 13. g4 a5 14. g5 dxe4 15. dxe4 Nd7 16. Nc4 Qc7 17. Be3 Bxe3 18. Qxe3 f6 19. Rg1 0-0 20. Kf2 Ba6 21. Rxa5 Bxc4 22. Rxa8 Rxa8 23. bxc4 Qa7 24. Rd1 Qxe3+ 25. Kxe3 Nb6 26. b3 c5 27. Rd6 Rb8 28. gxf6 gxf6 29. Rxf6 Nd7 30. Rd6 Rb7 31. Nc1 Kf7 32. Nd3 1-0

[Event "Bratto op 31st"]
[Site "Bratto"]
[Date "2011.08.24"]
[Round "5"]
[White "Dritsakos, Alessio"]
[Black "Gasperoni, Stefano"]
[Result "1-0"]
[WhiteElo "2004"]
[BlackElo "2001"]
[PlyCount "109"]
[EventDate "2011.08.20"]
[EventType "swiss"]
[EventRounds "9"]
[EventCountry "ITA"]
[SourceTitle "EXT 2022"]
[Source "ChessBase"]
[SourceDate "2021.10.06"]
[SourceVersion "1"]
[SourceVersionDate "2021.10.06"]
[SourceQuality "1"]

1. e4 e5 2. Nf3 Nc6 3. Bb5 a6 4. Ba4 Nf6 5. 0-0 Be7 6. Re1 b5 7. Bb3 d6 8. c3 0-0 9. h3 Na5 10. Bc2 c5 11. d4 Qc7 12. Nbd2 Nc6 13. d5 Nd8 14. Nf1 Ne8 15. g4 g6 16. Bh6 Ng7 17. Ng3 f6 18. Kg2 Nf7 19. Be3 Bd7 20. b3 Rfb8 21. Nd2 Ne8 22. f4 exf4 23. Bxf4 Ne5 24. Nf3 Ng7 25. Rf1 Rf8 26. Qd2 Nf7 27. Rae1 Ne5 28. Re2 Rae8 29. Ref2 Qc8 30. Nxe5 fxe5 31. Bg5 Qd8 32. Rxf8+ Rxf8 33. Rxf8+ Qxf8 34. Bxe7 Qxe7 35. g5 Qf7 36. b4 c4 37. Qe3 Bc8 38. Bd1 Ne8 39. Nf1 Qe7 40. Nh2 Ng7 41. Nf1 Qf8 42. Ng3 Bd7 43. Qb6 Qf4 44. Qd8+ Be8 45. Bg4 Qd2+ 46. Ne2 Qe3 47. Qxd6 Qxe4+ 48. Kf2 Nf5 49. Qe6+ Bf7 50. Bxf5 gxf5 51. Qc8+ Kg7 52. d6 Bh5 53. Qd7+ Kg6 54. Qe8+ Kxg5 55. Qxh5+ 1-0

[Event "Bratto op 26th"]
[Site "Bratto"]
[Date "2006.08.27"]
[Round "9"]
[White "Ricca, Giorgio"]
[Black "Gasperoni, Stefano"]
[Result "0-1"]
[WhiteElo "2078"]
[BlackElo "2009"]
[PlyCount "52"]
[EventDate "2006.08.19"]
[EventType "swiss"]
[EventRounds "9"]
[EventCountry "ITA"]
[SourceTitle "CBM 113 Extra"]
[Source "ChessBase"]
[SourceDate "2006.09.14"]
[SourceVersion "1"]
[SourceVersionDate "2006.09.14"]
[SourceQuality "1"]

1. e4 e5 2. f4 exf4 3. Nf3 d5 4. exd5 Nf6 5. Bc4 Nxd5 6. Nc3 Nxc3 7. bxc3 Bd6 8. 0-0 0-0 9. d4 Be6 10. Bd3 Bg4 11. Rb1 b6 12. c4 Nd7 13. Be4 Rc8 14. c3 Nf6 15. Bd3 Re8 16. Qc2 h6 17. Bd2 Qd7 18. h3 Be6 19. d5 Bxh3 20. gxh3 Qxh3 21. Be1 Bc5+ 22. Nd4 Re5 23. Rf2 Rg5+ 24. Rg2 Rxg2+ 25. Qxg2 Qxd3 26. Rc1 Qe3+ 0-1

[Event "Bratto op 26th"]
[Site "Bratto"]
[Date "2006.08.25"]
[Round "7"]
[White "Bianco, Raffaele"]
[Black "Gasperoni, Stefano"]
[Result "1/2-1/2"]
[WhiteElo "2069"]
[BlackElo "2009"]
[PlyCount "28"]
[EventDate "2006.08.19"]
[EventType "swiss"]
[EventRounds "9"]
[EventCountry "ITA"]
[SourceTitle "CBM 113 Extra"]
[Source "ChessBase"]
[SourceDate "2006.09.14"]
[SourceVersion "1"]
[SourceVersionDate "2006.09.14"]
[SourceQuality "1"]

1. d4 Nf6 2. c4 e5 3. dxe5 Ng4 4. Nf3 Bc5 5. e3 Nc6 6. Be2 Ngxe5 7. 0-0 d6 8. Nc3 Nxf3+ 9. Bxf3 Ne5 10. b3 0-0 11. Bb2 Bb6 12. Nd5 c6 13. Bxe5 dxe5 14. Nxb6 Qxb6 1/2-1/2

[Event "Bratto op 26th"]
[Site "Bratto"]
[Date "2006.08.24"]
[Round "6"]
[White "Gasperoni, Stefano"]
[Black "Bonazzi, Edoardo"]
[Result "0-1"]
[WhiteElo "2009"]
[BlackElo "2151"]
[PlyCount "132"]
[EventDate "2006.08.19"]
[EventType "swiss"]
[EventRounds "9"]
[EventCountry "ITA"]
[SourceTitle "CBM 113 Extra"]
[Source "ChessBase"]
[SourceDate "2006.09.14"]
[SourceVersion "1"]
[SourceVersionDate "2006.09.14"]
[SourceQuality "1"]

1. e4 c6 2. Nf3 d5 3. exd5 cxd5 4. Ne5 Nf6 5. d4 g6 6. Bd3 Bg7 7. c3 0-0 8. Nd2 Nc6 9. Ndf3 Ng4 10. Nxc6 bxc6 11. h3 Nh6 12. 0-0 Qd6 13. Qe2 Bf5 14. Nh4 Bxd3 15. Qxd3 f6 16. f4 e5 17. fxe5 fxe5 18. Rxf8+ Rxf8 19. dxe5 Qxe5 20. Nf3 Qc7 21. Nd4 Qb6 22. b4 Bxd4+ 23. cxd4 Nf5 24. Bb2 Rb8 25. Bc3 Qb5 26. Qd2 Nd6 27. Rf1 Ne4 28. Qf4 Qb7 29. Be1 Re8 30. Bh4 Qg7 31. Bf6 Nxf6 32. Qxf6 Qxf6 33. Rxf6 Re1+ 34. Kf2 Rc1 35. a4 Rc4 36. b5 cxb5 37. axb5 Rxd4 38. Ra6 Rb4 39. Rxa7 Rxb5 40. Rd7 Rb2+ 41. Kf3 Rd2 42. g3 Rd3+ 43. Kf4 h6 44. h4 h5 45. Ke5 d4 46. Rxd4 Rxg3 47. Rd7 Rf3 48. Ra7 Rf5+ 49. Ke6 Rf4 50. Rb7 Rxh4 51. Kf6 Rg4 52. Rg7+ Kf8 53. Rh7 Ke8 54. Ke6 Kd8 55. Kf6 h4 56. Ke5 g5 57. Kd6 Rd4+ 58. Ke5 Rd3 59. Rg7 Rg3 60. Kd6 Ke8 61. Ke6 Kf8 62. Rh7 h3 63. Kf6 Ke8 64. Kf5 g4 65. Kg5 Rg2 66. Kf4 h2 0-1

[Event "Bratto op 26th"]
[Site "Bratto"]
[Date "2006.08.23"]
[Round "5"]
[White "Gasperoni, Stefano"]
[Black "Piantoni, Roberto"]
[Result "1/2-1/2"]
[WhiteElo "2009"]
[BlackElo "2160"]
[PlyCount "51"]
[EventDate "2006.08.19"]
[EventType "swiss"]
[EventRounds "9"]
[EventCountry "ITA"]
[SourceTitle "CBM 113 Extra"]
[Source "ChessBase"]
[SourceDate "2006.09.14"]
[SourceVersion "1"]
[SourceVersionDate "2006.09.14"]
[SourceQuality "1"]

1. e4 c6 2. Nf3 d5 3. exd5 cxd5 4. Ne5 Nf6 5. Bb5+ Nbd7 6. Qf3 a6 7. Bxd7+ Bxd7 8. Nxd7 Qxd7 9. d4 e6 10. 0-0 Qc7 11. c3 Bd6 12. h3 0-0 13. Be3 Qb6 14. Qe2 Rac8 15. Rc1 Bb8 16. Rc2 Ne4 17. Nd2 f5 18. f4 g5 19. Nxe4 fxe4 20. Qg4 Rf5 21. h4 h5 22. Qxh5 gxf4 23. Qg6+ Kf8 24. Rf1 Ke7 25. g4 Rf7 26. Qg5+ 1/2-1/2

[Event "Bratto op 25th"]
[Site "Bratto"]
[Date "2005.08.28"]
[Round "9"]
[White "Gasperoni, Stefano"]
[Black "Virzi, Ettore"]
[Result "1-0"]
[WhiteElo "2021"]
[BlackElo "2023"]
[PlyCount "24"]
[EventDate "2005.08.20"]
[EventType "swiss"]
[EventRounds "9"]
[EventCountry "ITA"]
[SourceTitle "CBM 108 Extra"]
[Source "ChessBase"]
[SourceDate "2005.11.04"]
[SourceVersion "1"]
[SourceVersionDate "2005.11.04"]
[SourceQuality "1"]

1. e4 e5 2. Nf3 Nc6 3. Bb5 a6 4. Ba4 Nf6 5. 0-0 b5 6. Bb3 Bc5 7. c3 d6 8. d4 Bb6 9. dxe5 Nxe5 10. Nxe5 dxe5 11. Qxd8+ Kxd8 12. Bg5 g6 1-0

[Event "Bratto op 25th"]
[Site "Bratto"]
[Date "2005.08.25"]
[Round "6"]
[White "Lanzani, Giuliano"]
[Black "Gasperoni, Stefano"]
[Result "0-1"]
[WhiteElo "2074"]
[BlackElo "2021"]
[PlyCount "56"]
[EventDate "2005.08.20"]
[EventType "swiss"]
[EventRounds "9"]
[EventCountry "ITA"]
[SourceTitle "CBM 108 Extra"]
[Source "ChessBase"]
[SourceDate "2005.11.04"]
[SourceVersion "1"]
[SourceVersionDate "2005.11.04"]
[SourceQuality "1"]

1. e4 e5 2. f4 exf4 3. Nf3 d5 4. exd5 Nf6 5. Bc4 Nxd5 6. Qe2+ Be7 7. Nc3 c6 8. Bxd5 cxd5 9. Qb5+ Nc6 10. 0-0 0-0 11. Qxd5 Qb6+ 12. Kh1 Be6 13. Qe4 Rad8 14. a3 g5 15. h4 h6 16. d3 Bf6 17. Bxf4 gxf4 18. Qxf4 Bg7 19. Ne4 f5 20. Nfg5 fxe4 21. Qxe4 hxg5 22. Qxe6+ Kh8 23. hxg5 Ne5 24. Qh3+ Kg8 25. d4 Qxd4 26. Qe6+ Nf7 27. Rf6 Bxf6 28. gxf6 Rd6 0-1

[Event "Bratto op 25th"]
[Site "Bratto"]
[Date "2005.08.20"]
[Round "1"]
[White "Caruso, Augusto"]
[Black "Gasperoni, Stefano"]
[Result "1-0"]
[WhiteElo "2259"]
[BlackElo "2021"]
[PlyCount "85"]
[EventDate "2005.08.20"]
[EventType "swiss"]
[EventRounds "9"]
[EventCountry "ITA"]
[SourceTitle "CBM 108 Extra"]
[Source "ChessBase"]
[SourceDate "2005.11.04"]
[SourceVersion "1"]
[SourceVersionDate "2005.11.04"]
[SourceQuality "1"]

1. Nc3 Nf6 2. d4 d5 3. Bg5 Bf5 4. f3 h6 5. Bh4 Nbd7 6. Nxd5 Nxd5 7. e4 Ne3 8. Qd3 Nxf1 9. exf5 Nxh2 10. Rxh2 c6 11. Ne2 Qa5+ 12. Nc3 0-0-0 13. 0-0-0 Nf6 14. Kb1 Nd5 15. Nxd5 Rxd5 16. c4 Rd7 17. g4 e5 18. fxe6 fxe6 19. Re2 Be7 20. Be1 Qd8 21. Rxe6 Bf6 22. Bc3 Qc7 23. Qf5 Rhd8 24. Ba5 b6 25. Bd2 Kb7 26. Bf4 Qc8 27. Be5 Bxe5 28. Qxe5 Qc7 29. Qe4 Rd6 30. Re5 R8d7 31. b4 a6 32. Kc2 Ka7 33. Rd3 Qd8 34. Re8 Qc7 35. b5 a5 36. f4 Rf6 37. f5 Qd6 38. a3 Kb7 39. Re6 Rxe6 40. fxe6 Re7 41. Qxc6+ Qxc6 42. bxc6+ Kxc6 43. d5+ 1-0